000 00839nam a2200253Ia 4500
003 OSt
005 20220925194242.0
006 a|||||r|||| 00| 0
007 ta
008 220923b |||||||| |||| 00| 0 eng d
037 _cGeneral Book
040 _aRTL
_cRTL
_beng
041 _2eng
_aeng
082 _aV:77.44Q7.N7, L1
100 _aFalcon Walter P
245 0 _aDevelopment policy
_b The Pakistan experience
260 _aCambridge
_bHarvard University Press
_c1971
300 _axii,267p.
_ccm.
490 _aHarvard University, Center for International Affairs, Development Policy Series; 2
650 _aFreedom Struggle Pakistan
_9238078
700 _a Papanek Gustav F Ed.
_9129847
942 _hV:77.44Q7.N7, L1
_cGB
_2CC
999 _c528817
_d528817